00670nam a2200145 i 450000100060000000300090000600500170001500700030003200800410003524500330007626000450010930000200015450503260017485200240050080200ES-MaACL20230906174147.0t|041026m19011905xxk ||||1| eng d04aThe Oxford History of Music. aOxford : bClarendon Press, c1901-1905. a6 v. ; c23 cm.8 aContiene: V. I-II: The Polyphonic period, method of musical art / by H.E. Wooldridge. -- V. III: The music of the seventeenth century / by C. Hubert H. Parry. -- V. IV: The age of Bach & Handel / by J.A. Fuller MAitland. -- V. V: The viennese period / by W.H. Hadow. -- V. VI: The romantic period / By Edward Dannreuther. aES-MaACLjC-1162-67